00484nam a2200145Ia 4500008004100000020002200041082001700063100002200080245006600102260002300168300001000191942001200201999001900213952010600232210430s9999 xx 000 0 und d a978-81-265-1525-7 a537 R 1651 F aSimon Ramo954448 aFields and Waves in Communication Electronics 3rdcSimon Ramo aIndiabWileyc2010 a844 p cBK2ddc c565046d565046 001040708NFICaSCMEbSCMEcGENd0000-00-00l0o537 R 1651 FpSCME-4333r2021-04-30w2021-04-30yBK